[Event "Stay Safe Play From Home 364"]
[Site "Emanuel Lasker Arena"]
[Date "2020.08.07"]
[Round "3"]
[White "BrainThinker22"]
[Black "Little champs"]
[Result "1-0"]
[WhiteElo "2340"]
[BlackElo "2141"]
[Annotator "NA"]
[PlyCount "57"]
[EventDate "2020.08.07"]
[EventType "swiss (blitz)"]

1. e4 {[%emt 0:00:01]} c5 {[%emt 0:00:01]} 2. Nc3 {[%emt 0:00:01]} d6 {[%emt 0:00:00]} 3. g3 {[%emt 0:00:00]} Nc6 {[%emt 0:00:01]} 4. Bg2 {[%emt 0:00:00]} Bd7 {[%emt 0:00:00]} 5. d3 {[%emt 0:00:00]} e5 {[%emt 0:00:01]} 6. Be3 {[%emt 0:00:00]} Nf6 {[%emt 0:00:02]} 7. h3 {[%emt 0:00:00]} Be7 {[%emt 0:00:00]} 8. Qd2 {[%emt 0:00:00]} Nd4 {[%emt 0:00:01]} 9. Nd1 {[%emt 0:00:01]} Rb8 {[%emt 0:00:01]} 10. c3 {[%emt 0:00:00]} Ne6 {[%emt 0:00:01]} 11. Ne2 {[%emt 0:00:00]} b5 {[%emt 0:00:01]} 12. O-O {[%emt 0:00:00]} b4 {[%emt 0:00:00]} 13. f4 {[%emt 0:00:00]} O-O {[%emt 0:00:01]} 14. f5 {[%emt 0:00:01]} Nc7 {[%emt 0:00:01]} 15. g4 {[%emt 0:00:00]} bxc3 {[%emt 0:00:02]} 16. bxc3 {[%emt 0:00:00]} c4 {[%emt 0:00:01]} 17. d4 {[%emt 0:00:02]} Bc6 {[%emt 0:00:03]} 18. Ng3 {[%emt 0:00:01]} exd4 {[%emt 0:00:02]} 19. cxd4 {[%emt 0:00:00]} d5 {[%emt 0:00:03]} 20. e5 {[%emt 0:00:01]} Ne4 {[%emt 0:00:00]} 21. Nxe4 {[%emt 0:00:04]} dxe4 {[%emt 0:00:00]} 22. g5 {[%emt 0:00:00]} f6 {[%emt 0:00:01]} 23. gxf6 {[%emt 0:00:02]} gxf6 {[%emt 0:00:01]} 24. Bh6 {[%emt 0:00:01]} Rf7 {[%emt 0:00:00]} 25. e6 {[%emt 0:00:01]} e3 {[%emt 0:00:03]} 26. Nxe3 {[%emt 0:00:03]} Rg7 {[%emt 0:00:05]} 27. Bxg7 {[%emt 0:00:02]} Bxg2 {[%emt 0:00:01]} 28. Qxg2 {[%emt 0:00:01]} Bf8 {[%emt 0:00:09]} 29. Bxf6+ {[%emt 0:00:01] Little champs resigns Little champs resigns Little champs resigns Little champs resigns Little champs resigns (Lag: Av=0.65s, max=1.1s) (Lag: Av=0.65s, max=1.1s) (Lag: Av=0.65s, max=1.1s) (Lag: Av=0.65s, max=1.1s) (Lag: Av=0.65s, max=1.1s)} 1-0

[Event "Stay Safe Play From Home 364"]
[Site "Emanuel Lasker Arena"]
[Date "2020.08.07"]
[Round "3"]
[White "SoulofWolf"]
[Black "Tran Minh Thang"]
[Result "0-1"]
[WhiteElo "2269"]
[BlackElo "2442"]
[Annotator "TA"]
[PlyCount "58"]
[EventDate "2020.08.07"]
[EventType "swiss (blitz)"]

{[%evp 9,58,3,16,-10,-9,-22,-8,-11,-5,-17,-14,-40,-32,-162,-158,-158,-158,-155,-153,-141,-115,-333,-141,-144,-131,-213,-213,-268,-284,-276,-267,-396,-392,-378,-288,-305,-310,-443,-364,-380,0,-484,-372,-584,-535,-656,0,-29996,-29997,-29997,-29998]} 1. d4 Nf6 2. Nf3 g6 3. b3 Bg7 4. Bb2 O-O 5. Nbd2 d5 6. h3 {A48: 1 d4 Nf6 2 Nf3 g6: Torre, London and Colle Systems.} c5 7. e3 {[#]} Ne4 $146 ({Predecessor:} 7... Nc6 8. a3 cxd4 9. exd4 Qb6 10. c4 dxc4 11. Nxc4 Qc7 12. Bd3 Rd8 13. O-O Nh5 {1-0 (48) Moore,M-Carl,K USA 1998}) 8. Bd3 {The position is equal.} Bf5 9. O-O Nc6 10. a3 Rc8 11. c3 (11. Re1 $15) 11... cxd4 $19 12. exd4 {[#]} Nxc3 $1 {[%mdl 512]} 13. Bxc3 Bxd3 14. Re1 Bf5 15. Nh4 $2 {[#]} (15. Rc1 $17) 15... e6 ({Resist} 15... Bxd4 16. Rc1 $19) ({Don't do} 15... Nxd4 16. Nxf5 Nxf5 17. Bxg7 $19) (15... Bc2 $1 $19 {[%mdl 512] and Black stays clearly on top.} 16. Qg4 (16. Qxc2 $2 Nxd4 17. Qd1 Rxc3 $19) 16... h5) 16. Nxf5 $17 gxf5 17. Rc1 (17. Nf3 $17) 17... Nxd4 $19 18. Bb4 Rxc1 19. Qxc1 Re8 20. Qc5 (20. Bc3 $142) 20... b6 21. Qc1 Qg5 22. Qd1 Rc8 23. Bd6 (23. Nf3 $142 Qf4 24. Nxd4 Bxd4 25. Rf1) 23... Nc2 24. Rf1 Nd4 $2 (24... Qd8 $19 25. Bg3 Nxa3) 25. f4 $2 {[%mdl 8192]} (25. Re1 $1 $11 Rc6 26. Bb8) 25... Qg6 26. Nb1 (26. Kh2 $142) 26... Qg3 {Hoping for ...Rc2.} 27. Rf2 Nxb3 $2 (27... Qe3 $19 28. Qd2 Qxb3) 28. Qxb3 $4 {[%mdl 8192]} (28. Rf3 $11 Bd4+ 29. Kh1) 28... Rc1+ 29. Rf1 Bd4+ {Accuracy: White = 28%, Black = 59%.} 0-1

[Event "Stay Safe Play From Home 364"]
[Site "Emanuel Lasker Arena"]
[Date "2020.08.07"]
[Round "3"]
[White "TheCHESSHOUSE"]
[Black "Trotsky"]
[Result "1-0"]
[WhiteElo "2056"]
[BlackElo "1549"]
[Annotator "TA"]
[PlyCount "33"]
[EventDate "2020.08.07"]
[EventType "swiss (blitz)"]

{[%evp 10,32,38,18,42,38,108,113,235,226,597,609,585,585,812,720,1052,1039,1152,1138,1527,1497,29986,29987,29999]} 1. d4 d5 2. c4 e6 3. g3 c5 4. Bg2 Nc6 5. cxd5 exd5 6. Nf3 Be6 {D30: Queen's Gambit Declined: Systems without Nc3.} 7. O-O c4 (7... Nf6 $14) 8. Nc3 Bd6 (8... Nf6 $16) 9. e4 $18 {[#]} a6 $146 {[#]} (9... Nge7 10. Ng5 Bb4 11. Nxe6 fxe6) ({Predecessor:} 9... Nge7 10. exd5 Nxd5 11. Nxd5 Bxd5 12. Re1+ Ne7 13. Qa4+ Kf8 14. Bg5 h6 15. Bxe7+ Bxe7 {0-1 (65) Lauer,F (1065)-Verich,O (1027) LSS email 2014}) 10. exd5 Bxd5 11. Nxd5 Nf6 12. Nxf6+ gxf6 13. Re1+ Be7 14. d5 Nb4 15. d6 Qxd6 16. Qxd6 {[%csl Ge1][%cal Rd6e7]} Rd8 17. Qxe7# {Black did not feel at home in the position after the opening.} 1-0

[Event "Stay Safe Play From Home 364"]
[Site "Emanuel Lasker Arena"]
[Date "2020.08.07"]
[Round "3"]
[White "Stefanone"]
[Black "Buzaglo"]
[Result "1-0"]
[WhiteElo "1950"]
[BlackElo "1829"]
[Annotator "TA"]
[PlyCount "91"]
[EventDate "2020.08.07"]
[EventType "swiss (blitz)"]

{[%evp 11,90,-7,16,15,7,14,13,12,64,33,41,-82,-91,-228,-94,-80,326,43,517,0,0,-357,4,-412,159,-431,-395,-391,-247,-208,-214,-1165,-559,-687,-675,-1212,-387,-540,-467,-483,729,766,695,67,771,754,949,949,1037,845,995,982,964,919,927,987,1123,1024,1346,1295,2943,1089,1247,-285,-249,-269,1747,847,837,730,1019,843,958,790,2742,2313,29996,29997,29998,29992,29999]} 1. d4 e6 2. e3 d5 3. f4 Nf6 4. Nf3 c5 5. Bd3 Nc6 6. c3 c4 7. Bc2 {D00: 1 d4 d5: Unusual lines.} Bd6 8. Ne5 O-O 9. O-O {The position is equal.} Nd7 {[#]} (9... Ne7 $11) 10. Rf3 $146 ({Predecessor:} 10. e4 f5 11. Nxd7 Bxd7 12. e5 Bc7 13. g3 g6 14. Kg2 b5 15. h3 h6 16. g4 {½-½ (33) Koch,M-Lauer,M Germany 1999}) 10... f6 11. Bxh7+ (11. Rh3 $14 {keeps the upper hand.} fxe5 12. Bxh7+ Kf7 13. Qh5+ (13. dxe5 Ndxe5 14. fxe5 Nxe5 $15) (13. fxe5 Ndxe5 14. dxe5 Nxe5 $15) 13... Ke7 14. Qg5+ Rf6 15. Qxg7+ Rf7 16. Qg5+ Ke8 17. Bg6 $1 {[%mdl 512]} Qxg5 18. fxg5) 11... Kxh7 $17 12. Rh3+ Kg8 13. Ng6 e5 $2 {[%mdl 8192] [#]} (13... Kf7 14. Qh5 $11) (13... Ne7 $17 {and life is bright.} 14. Rh8+ Kf7 15. Nxf8 Nxf8) 14. Qh5 $2 (14. dxe5 $1 $18 Nc5 15. Rh8+ (15. exd6 Bxh3 16. Qxd5+ {[%mdl 64] Double Attack} Be6 $11) (15. Qxd5+ Be6 $17) 15... Kf7 16. Nxf8 Bxf8 17. Qh5+ Ke6 18. b3) 14... Kf7 $4 {[%mdl 8192]} ({Black should play} 14... Qe8 $1 $14) 15. Nh8+ $2 (15. Nh4+ $18 Ke7 16. Ng6+ Ke8 17. Nxe5+ {[%mdl 64] Discovered Attack} Ke7 18. Ng6+ {[%mdl 64] Double Attack, Discovered Attack} Ke8 19. Nxf8+ Kxf8 {[#]} 20. Qg6 $1 {[%mdl 512]}) 15... Ke7 $1 $11 16. fxe5 $2 {[%mdl 8192]} (16. Ng6+ $11 Kf7 17. e4) 16... fxe5 $2 (16... Ndxe5 $19 17. dxe5 Nxe5) 17. e4 $2 {[%mdl 8192]} (17. Ng6+ $11 Ke6 18. e4 (18. Nxf8+ Qxf8 19. Nd2 Nf6 $19)) 17... exd4 $2 ({Black should try} 17... Nf6 $19 18. Bg5 Qb6) 18. Bg5+ $2 (18. Ng6+ $16 {is necessary to keep the advantage.} Ke8 19. Nxf8+ Kxf8 20. Qg6) 18... Nf6 $19 {[%mdl 64] Double Attack} 19. Ng6+ Kd7 20. Nxf8+ Qxf8 21. Qg6 $2 (21. Bxf6 Qxf6 22. exd5) 21... Kc7 (21... Ne7 $142 22. Bxf6 Nxg6 23. Bxd4 Qf4) 22. Bxf6 {aiming for Rh7.} Bxh3 (22... Qxf6 $2 23. Qxf6 gxf6 24. Rh7+ Ne7 25. cxd4 $17) ({Less strong is} 22... gxf6 23. Rh7+ Kb8 24. cxd4 $17) 23. Bxg7 Qg8 $2 (23... Qf4 24. Na3 Qxh2+ 25. Kf2 a6 26. cxd4 Rg8) 24. gxh3 Ne7 25. Qf6 Rf8 $4 {[%mdl 8192]} (25... Qh7 $19 26. Nd2 (26. e5 $2 Bc5 $19) 26... Rg8) 26. Qxf8 $18 Qh7 27. Qf2 $2 (27. Bxd4 $18 Qg6+ 28. Kf2) 27... Qg6+ $2 {[%mdl 8192]} (27... Qxg7+ $14 28. Kh1 Qe5) 28. Qg2 Qe6 29. Bxd4 Ng6 {[%cal Be7g6,Bg6f4,Bf4d3][%mdl 32]} 30. e5 Be7 31. Nd2 Nf4 32. Qf3 Nd3 33. b3 Qg6+ 34. Qg3 Qh5 35. e6+ Bd6 36. Qg2 Nf4 37. Qg3 $4 {[%mdl 8192]} (37. Qg7+ $18 {and all is fine.} Kb8 38. e7) 37... Nxh3+ $19 38. Kg2 Qf5 $4 {[%mdl 8192]} (38... Bxg3 $19 39. hxg3 Ng5) 39. Qf3 Nf4+ 40. Kf2 Qc2 41. Rd1 Nd3+ 42. Ke2 {White threatens Qf7+ and mate.} Nc1+ {[#]} 43. Rxc1 $1 {[%mdl 64] Threatening mate with Qf7+. Back Rank} Qxc1 44. Qf7+ {White mates.} Kc8 45. e7 {[%cal Re7e8]} Kd7 46. e8=Q# {Both players deserved the win here. Accuracy: White = 30%, Black = 25%.} 1-0

[Event "Stay Safe Play From Home 364"]
[Site "Emanuel Lasker Arena"]
[Date "2020.08.07"]
[Round "3"]
[White "Cirovicz"]
[Black "Hickey"]
[Result "0-1"]
[WhiteElo "1790"]
[BlackElo "2099"]
[Annotator "TA"]
[PlyCount "74"]
[EventDate "2020.08.07"]
[EventType "swiss (blitz)"]

{[%evp 9,73,-25,-27,-22,-25,-23,-27,-108,-102,-124,-90,-126,-106,-141,-144,-147,-154,-293,-274,-276,-171,-579,-579,-652,-641,-647,-644,-633,-630,-687,-680,-738,-712,-764,-701,-706,-708,-732,-727,-887,-766,-918,-914,-29982,-29983,-29991,-29963,-29951,-8315,-1940,-1964,-29989,-29979,-29992,-29993,-29995,-29994,-29994,-29992,-29996,-29996,-29997,-29992,-29997,-29998,-29999]} 1. e4 c6 2. Bc4 d5 3. exd5 cxd5 4. Bb5+ Bd7 5. Bxd7+ Nxd7 6. Nf3 {B10: Caro-Kann: 2 d3 and 2 c4.} Ngf6 7. d4 e6 {[#]} 8. c4 $146 (8. c3 $11) ({Predecessor:} 8. O-O Bd6 9. Be3 O-O 10. Nbd2 Qc7 11. Rc1 Rac8 12. c4 Qb8 13. c5 Bc7 14. b4 {1-0 (41) Pintonello,F (1456)-Casella,B (1544) chess.com INT 2020}) 8... dxc4 $17 9. Nc3 Be7 10. O-O O-O 11. Qa4 Qc7 12. Bg5 a6 13. Ne5 (13. Qc2 $17) 13... Nxe5 14. dxe5 Qxe5 $40 {[%mdl 128] Black attacks with force.} 15. Qxc4 $2 {[#]} (15. Bxf6 {was the crucial defense.} Bxf6 16. Qxc4) 15... Qxg5 $19 16. f4 Qc5+ 17. Qxc5 Bxc5+ 18. Kh1 Rfd8 19. a3 Kf8 20. b4 Ba7 21. f5 Ke7 22. fxe6 fxe6 23. Na4 Rac8 24. Rab1 Rd2 25. h3 Rcc2 26. Nc5 Rxg2 27. Rfe1 Nh5 {[%cal Rh5g3]} 28. Rxe6+ Kf7 {[%cal Rh5g3] [#]} 29. Rf1+ Nf6 {( -> ...Rh2+)} 30. Rd1 Bxc5 {Black mates.} 31. bxc5 Kxe6 32. h4 Rh2+ 33. Kg1 Rce2 34. c6 Rhg2+ 35. Kf1 bxc6 36. h5 Ne4 {[%cal Re4g3]} 37. a4 Ng3# {White got outplayed after the opening. Accuracy: White = 29%, Black = 76%.} 0-1

[Event "Stay Safe Play From Home 364"]
[Site "Emanuel Lasker Arena"]
[Date "2020.08.07"]
[Round "3"]
[White "Ao017545"]
[Black "Padmaesh M K"]
[Result "0-1"]
[WhiteElo "1690"]
[BlackElo "1811"]
[Annotator "NA"]
[PlyCount "70"]
[EventDate "2020.08.07"]
[EventType "swiss (blitz)"]

1. e4 {[%emt 0:00:02]} e5 {[%emt 0:00:01]} 2. Nf3 {[%emt 0:00:01]} Nc6 {[%emt 0:00:00]} 3. Bc4 {[%emt 0:00:01]} Bc5 {[%emt 0:00:00]} 4. d4 {[%emt 0:00:02]} Bxd4 {[%emt 0:00:01]} 5. Ng5 {[%emt 0:00:00]} Nh6 {[%emt 0:00:01]} 6. c3 {[%emt 0:00:01]} Bb6 {[%emt 0:00:01]} 7. f4 {[%emt 0:00:04]} d5 {[%emt 0:00:01]} 8. Bxd5 {[%emt 0:00:03]} Bg4 {[%emt 0:00:03]} 9. Qb3 {[%emt 0:00:02]} O-O {[%emt 0:00:02]} 10. fxe5 {[%emt 0:00:02]} Nxe5 {[%emt 0:00:02]} 11. Rf1 {[%emt 0:00:01]} Nd3+ {[%emt 0:00:01]} 12. Kd2 {[%emt 0:00:02]} Qxg5+ {[%emt 0:00:12]} 13. Kc2 {[%emt 0:00:02]} Nxc1 {[%emt 0:00:02]} 14. Rxc1 {[%emt 0:00:02]} Qe3 {[%emt 0:00:01]} 15. Nd2 {[%emt 0:00:06]} c6 {[%emt 0:00:01]} 16. Bc4 {[%emt 0:00:02]} Rfe8 {[%emt 0:00:07]} 17. Re1 {[%emt 0:00:01]} Qf2 {[%emt 0:00:01]} 18. Rf1 {[%emt 0:00:02]} Qxg2 {[%emt 0:00:02]} 19. Bxf7+ {[%emt 0:00:00]} Nxf7 {[%emt 0:00:03]} 20. Qxf7+ {[%emt 0:00:03]} Kh8 {[%emt 0:00:00]} 21. Rg1 {[%emt 0:00:01]} Qh3 {[%emt 0:00:03]} 22. Rg3 {[%emt 0:00:03]} Qxh2 {[%emt 0:00:02]} 23. Rag1 {[%emt 0:00:00]} h5 {[%emt 0:00:02]} 24. Rxg4 {[%emt 0:00:02]} hxg4 {[%emt 0:00:01]} 25. Rxg4 {[%emt 0:00:01]} Qh7 {[%emt 0:00:02]} 26. Rg5 {[%emt 0:00:02]} Rf8 {[%emt 0:00:02]} 27. Qd7 {[%emt 0:00:04]} Rf2 {[%emt 0:00:01]} 28. Rg3 {[%emt 0:00:01]} Rd8 {[%emt 0:00:01]} 29. Rh3 {[%emt 0:00:00]} Rxd7 {[%emt 0:00:01]} 30. Rxh7+ {[%emt 0:00:00]} Kxh7 {[%emt 0:00:01]} 31. Kb3 {[%emt 0:00:01]} Rdxd2 {[%emt 0:00:00]} 32. Kb4 {[%emt 0:00:01]} Rxb2+ {[%emt 0:00:00]} 33. Kc4 {[%emt 0:00:00]} Rxa2 {[%emt 0:00:00]} 34. e5 {[%emt 0:00:04]} Ra4+ {[%emt 0:00:00]} 35. Kd3 {[%emt 0:00:01]} Rfa2 {[%emt 0:00:00] Zaman Zaman Zaman Zaman Zaman (Lag: Av=0.66s, max=1.4s) (Lag: Av=0.66s, max=1.4s) (Lag: Av=0.66s, max=1.4s) (Lag: Av=0.66s, max=1.4s) (Lag: Av=0.66s, max=1.4s)} 0-1

[Event "Stay Safe Play From Home 364"]
[Site "Emanuel Lasker Arena"]
[Date "2020.08.07"]
[Round "3"]
[White "UHU4"]
[Black "Klasman"]
[Result "0-1"]
[WhiteElo "1419"]
[BlackElo "1392"]
[Annotator "NA RC"]
[PlyCount "46"]
[EventDate "2020.08.07"]
[EventType "swiss (blitz)"]

{Manoc a, Calota} 1. e4 {[%emt 0:00:03]} f5 {[%emt 0:00:02]} 2. e5 {[%emt 0:00:02]} d6 {[%emt 0:00:03]} 3. f4 {[%emt 0:00:02]} Nc6 {[%emt 0:00:02]} 4. Nf3 {[%emt 0:00:02]} e6 {[%emt 0:00:02]} 5. Bb5 {[%emt 0:00:01]} Nge7 {[%emt 0:00:02]} 6. O-O {[%emt 0:00:01]} Ng6 {[%emt 0:00:01]} 7. d4 {[%emt 0:00:02]} Bd7 {[%emt 0:00:04]} 8. Nc3 {[%emt 0:00:04]} d5 {[%emt 0:00:01]} 9. Ng5 {[%emt 0:00:04]} Be7 {[%emt 0:00:02]} 10. Nf3 {[%emt 0:00:06]} O-O {[%emt 0:00:01]} 11. h3 {[%emt 0:00:02]} a6 {[%emt 0:00:04]} 12. Be2 {[%emt 0:00:01]} h6 {[%emt 0:00:05]} 13. Be3 {[%emt 0:00:02]} Nh4 {[%emt 0:00:02]} 14. Qe1 {[%emt 0:00:04]} Nxf3+ {[%emt 0:00:02]} 15. Bxf3 {[%emt 0:00:01]} Bh4 {[%emt 0:00:01]} 16. g3 {[%emt 0:00:02]} Be7 {[%emt 0:00:03]} 17. Kh2 {[%emt 0:00:02]} Qe8 {[%emt 0:00:03]} 18. Rg1 {[%emt 0:00:02]} Kh7 {[%emt 0:00:01]} 19. g4 {[%emt 0:00:03]} fxg4 {[%emt 0:00:02]} 20. hxg4 {[%emt 0:00:01]} Qg6 {[%emt 0:00:04]} 21. Qg3 {[%emt 0:00:09]} Qxc2+ {[%emt 0:00:01]} 22. Rg2 {[%emt 0:00:02]} Qg6 {[%emt 0:00:01]} 23. Rag1 {[%emt 0:00:01]} Nb4 {[%emt 0:00:03] Tiempo Tiempo Tiempo Tiempo Tiempo (Lag: Av=0.55s, max=0.7s) (Lag: Av=0.55s, max=0.7s) (Lag: Av=0.55s, max=0.7s) (Lag: Av=0.55s, max=0.7s) (Lag: Av=0.55s, max=0.7s)} 0-1

[Event "Stay Safe Play From Home 364"]
[Site "Emanuel Lasker Arena"]
[Date "2020.08.07"]
[Round "4"]
[White "Tran Minh Thang"]
[Black "BrainThinker22"]
[Result "0-1"]
[WhiteElo "2451"]
[BlackElo "2349"]
[Annotator "NA"]
[PlyCount "156"]
[EventDate "2020.08.07"]
[EventType "swiss (blitz)"]

1. d4 {[%emt 0:00:03]} d5 {[%emt 0:00:01]} 2. Bf4 {[%emt 0:00:02]} e6 {[%emt 0:00:02]} 3. e3 {[%emt 0:00:00]} c5 {[%emt 0:00:00]} 4. Nd2 {[%emt 0:00:01]} Nc6 {[%emt 0:00:00]} 5. c3 {[%emt 0:00:00]} Nf6 {[%emt 0:00:00]} 6. Bd3 {[%emt 0:00:01]} Be7 {[%emt 0:00:01]} 7. Ngf3 {[%emt 0:00:01]} O-O {[%emt 0:00:00]} 8. O-O {[%emt 0:00:01]} Re8 {[%emt 0:00:00]} 9. Ne5 {[%emt 0:00:00]} Bd7 {[%emt 0:00:03]} 10. Qf3 {[%emt 0:00:02]} h6 {[%emt 0:00:01]} 11. Qh3 {[%emt 0:00:06]} Nh7 {[%emt 0:00:03]} 12. Nxf7 {[%emt 0:00:10]} Kxf7 {[%emt 0:00:05]} 13. Bxh7 {[%emt 0:00:01]} e5 {[%emt 0:00:00]} 14. Qh5+ {[%emt 0:00:01]} Kf8 {[%emt 0:00:01]} 15. Bxh6 {[%emt 0:00:04]} Bf6 {[%emt 0:00:03]} 16. Nf3 {[%emt 0:00:05]} gxh6 {[%emt 0:00:05]} 17. dxe5 {[%emt 0:00:05]} Nxe5 {[%emt 0:00:02]} 18. Qxh6+ {[%emt 0:00:03]} Bg7 {[%emt 0:00:01]} 19. Qf4+ {[%emt 0:00:00]} Qf6 {[%emt 0:00:03]} 20. Nxe5 {[%emt 0:00:03]} Rxe5 {[%emt 0:00:00]} 21. Qg3 {[%emt 0:00:01]} Rg5 {[%emt 0:00:02]} 22. Qc7 {[%emt 0:00:03]} Bh3 {[%emt 0:00:08]} 23. Qxc5+ {[%emt 0:00:01]} Qe7 {[%emt 0:00:01]} 24. Qxe7+ {[%emt 0:00:01]} Kxe7 {[%emt 0:00:00]} 25. g4 {[%emt 0:00:00]} Bxf1 {[%emt 0:00:01]} 26. Kxf1 {[%emt 0:00:01]} Rxg4 {[%emt 0:00:00]} 27. Ke2 {[%emt 0:00:00]} Rh8 {[%emt 0:00:01]} 28. Bd3 {[%emt 0:00:01]} Rxh2 {[%emt 0:00:01]} 29. Rf1 {[%emt 0:00:00]} Rgg2 {[%emt 0:00:01]} 30. b3 {[%emt 0:00:00]} Be5 {[%emt 0:00:02]} 31. c4 {[%emt 0:00:00]} Bg3 {[%emt 0:00:01]} 32. cxd5 {[%emt 0:00:01]} Rxf2+ {[%emt 0:00:01]} 33. Rxf2 {[%emt 0:00:00]} Rxf2+ {[%emt 0:00:00]} 34. Kd1 {[%emt 0:00:00]} Kd6 {[%emt 0:00:00]} 35. Be2 {[%emt 0:00:01]} Rf8 {[%emt 0:00:01]} 36. Kd2 {[%emt 0:00:00]} Re8 {[%emt 0:00:00]} 37. Kd3 {[%emt 0:00:00]} Bf2 {[%emt 0:00:00]} 38. Bf3 {[%emt 0:00:00]} Rxe3+ {[%emt 0:00:01]} 39. Kc4 {[%emt 0:00:00]} Rxf3 {[%emt 0:00:00]} 40. Kb5 {[%emt 0:00:00]} Rf7 {[%emt 0:00:00]} 41. a4 {[%emt 0:00:00]} Rc7 {[%emt 0:00:00]} 42. b4 {[%emt 0:00:00]} a6+ {[%emt 0:00:00]} 43. Ka5 {[%emt 0:00:00]} b6+ {[%emt 0:00:00]} 44. Kxa6 {[%emt 0:00:00]} Kxd5 {[%emt 0:00:00]} 45. b5 {[%emt 0:00:00]} Kc5 {[%emt 0:00:02]} 46. a5 {[%emt 0:00:00]} bxa5 {[%emt 0:00:00]} 47. b6 {[%emt 0:00:00]} Rb7 {[%emt 0:00:00]} 48. Kxb7 {[%emt 0:00:01]} Kd6 {[%emt 0:00:01]} 49. Ka6 {[%emt 0:00:00]} Bxb6 {[%emt 0:00:00]} 50. Kb5 {[%emt 0:00:01]} Kc7 {[%emt 0:00:01]} 51. Ka4 {[%emt 0:00:00]} Kb7 {[%emt 0:00:00]} 52. Kb3 {[%emt 0:00:00]} Ka7 {[%emt 0:00:00]} 53. Ka4 {[%emt 0:00:00]} Ka6 {[%emt 0:00:00]} 54. Ka3 {[%emt 0:00:00]} Bc7 {[%emt 0:00:00]} 55. Kb3 {[%emt 0:00:00]} Bd6 {[%emt 0:00:00]} 56. Ka4 {[%emt 0:00:00]} Kb6 {[%emt 0:00:00]} 57. Kb3 {[%emt 0:00:00]} Kb5 {[%emt 0:00:00]} 58. Ka2 {[%emt 0:00:00]} a4 {[%emt 0:00:00]} 59. Kb1 {[%emt 0:00:00]} Ka5 {[%emt 0:00:00]} 60. Ka1 {[%emt 0:00:00]} Kb4 {[%emt 0:00:00]} 61. Kb1 {[%emt 0:00:00]} a3 {[%emt 0:00:00]} 62. Ka1 {[%emt 0:00:00]} Be5+ {[%emt 0:00:00]} 63. Kb1 {[%emt 0:00:00]} Kb3 {[%emt 0:00:00]} 64. Kc1 {[%emt 0:00:00]} a2 {[%emt 0:00:00]} 65. Kd2 {[%emt 0:00:00]} a1=Q {[%emt 0:00:00]} 66. Kd3 {[%emt 0:00:00]} Qc3+ {[%emt 0:00:00]} 67. Ke2 {[%emt 0:00:00]} Bd4 {[%emt 0:00:00]} 68. Kf1 {[%emt 0:00:01]} Qe3 {[%emt 0:00:00]} 69. Kg2 {[%emt 0:00:00]} Kc4 {[%emt 0:00:00]} 70. Kh1 {[%emt 0:00:00]} Qf4 {[%emt 0:00:00]} 71. Kg2 {[%emt 0:00:00]} Bf6 {[%emt 0:00:00]} 72. Kh1 {[%emt 0:00:00]} Kd5 {[%emt 0:00:00]} 73. Kg2 {[%emt 0:00:00]} Ke5 {[%emt 0:00:00]} 74. Kh1 {[%emt 0:00:00]} Kf5 {[%emt 0:00:00]} 75. Kg1 {[%emt 0:00:00]} Qg5+ {[%emt 0:00:00]} 76. Kh1 {[%emt 0:00:00]} Kf4 {[%emt 0:00:00]} 77. Kh2 {[%emt 0:00:00]} Kf3 {[%emt 0:00:00]} 78. Kh1 {[%emt 0:00:00]} Qg2# {[%emt 0:00:00] (Lag: Av=0.79s, max=1.4s) (Lag: Av=0.79s, max=1.4s) (Lag: Av=0.79s, max=1.4s) (Lag: Av=0.79s, max=1.4s) (Lag: Av=0.79s, max=1.4s)} 0-1

[Event "Stay Safe Play From Home 364"]
[Site "Emanuel Lasker Arena"]
[Date "2020.08.07"]
[Round "4"]
[White "AChessPlayer"]
[Black "SoulofWolf"]
[Result "1-0"]
[WhiteElo "2394"]
[BlackElo "2260"]
[Annotator "RC"]
[PlyCount "57"]
[EventDate "2020.08.07"]
[EventType "swiss (blitz)"]

1. Nf3 {[%emt 0:00:01]} d5 {[%emt 0:00:00]} 2. g3 {[%emt 0:00:00]} c6 {[%emt 0:00:00]} 3. Bg2 {[%emt 0:00:00]} Nd7 {[%emt 0:00:00]} 4. O-O {[%emt 0:00:00]} g6 {[%emt 0:00:00]} 5. d4 {[%emt 0:00:00]} Bg7 {[%emt 0:00:00]} 6. c4 {[%emt 0:00:00]} Ngf6 {[%emt 0:00:00]} 7. Nbd2 {[%emt 0:00:01]} O-O {[%emt 0:00:01]} 8. b3 {[%emt 0:00:00]} Re8 {[%emt 0:00:01]} 9. Bb2 {[%emt 0:00:00]} Ne4 {[%emt 0:00:00]} 10. Qc2 {[%emt 0:00:02]} f5 {[%emt 0:00:01]} 11. e3 {[%emt 0:00:02]} h6 {[%emt 0:00:01]} 12. Ne5 {[%emt 0:00:02]} Nxe5 {[%emt 0:00:02]} 13. dxe5 {[%emt 0:00:00]} Qc7 {[%emt 0:00:01]} 14. f3 {[%emt 0:00:02]} Nxd2 {[%emt 0:00:01]} 15. Qxd2 {[%emt 0:00:00]} Bxe5 {[%emt 0:00:01]} 16. cxd5 {[%emt 0:00:01]} Rd8 {[%emt 0:00:01]} 17. e4 {[%emt 0:00:02]} e6 {[%emt 0:00:03]} 18. Bxe5 {[%emt 0:00:02]} Qxe5 {[%emt 0:00:00]} 19. f4 {[%emt 0:00:01]} Qc7 {[%emt 0:00:08]} 20. Rac1 {[%emt 0:00:01]} Qb6+ {[%emt 0:00:02]} 21. Qf2 {[%emt 0:00:03]} Qxf2+ {[%emt 0:00:02]} 22. Kxf2 {[%emt 0:00:00]} cxd5 {[%emt 0:00:05]} 23. exd5 {[%emt 0:00:00]} exd5 {[%emt 0:00:00]} 24. Rc7 {[%emt 0:00:01]} Rb8 {[%emt 0:00:04]} 25. Re1 {[%emt 0:00:01]} Rd7 {[%emt 0:00:04]} 26. Re8+ {[%emt 0:00:02]} Kf7 {[%emt 0:00:05]} 27. Rexc8 {[%emt 0:00:01]} Ke7 {[%emt 0:00:07]} 28. Rxd7+ {[%emt 0:00:02]} Kxd7 {[%emt 0:00:01]} 29. Rxb8 {[%emt 0:00:00] SoulofWolf poddaje siê SoulofWolf poddaje siê SoulofWolf poddaje siê SoulofWolf poddaje siê SoulofWolf poddaje siê (Lag: Av=0.50s, max=1.1s) (Lag: Av=0.50s, max=1.1s) (Lag: Av=0.50s, max=1.1s) (Lag: Av=0.50s, max=1.1s) (Lag: Av=0.50s, max=1.1s)} 1-0